000 01463nam0a2200325 4500
001 RU\NLR\BIBL_A\022492140
005 20260405124203.0
010 _a978-5-00247-063-1
_91000
035 _a(NLR Aleph) 022492140
090 _a13382658
_c13382658
100 _a20250317d2025 |||y0rusy50 ca
101 0 _arus
_afre
102 _aRU
105 _aa j 000zy
181 0 _ai
_baxxe
182 0 _an
200 1 _a"Запоминалки" или Веселые правила чтения по-французски
_eучебное пособие
_fКозаренко О. М.
203 _aТекст
_bвизуальный
_cнепосредственный
210 _aМосква
_cУниверситет, Книжны дом
_d2025 (печ. 2024)
215 _a67 с.
_cил., табл.
_d24
300 _aНа 4-й с. обл. авт.: Козаренко О. М. - доц., канд. геогр. наук
320 _aДругие кн. авт. на 4-й с. обл.
517 1 _aВеселые правила чтения по-французски
606 1 _aФранцузский язык
_jУчебные издания
_xФонетика
_91877872
_3RU\NLR\AUTH\661143700
686 1 _aШ147.11-93рус-1
700 1 _8rus
_7ca
_aКозаренко
_bО. М.
_gОльга Михайловна
_3RU\NLR\AUTH\7749690
_932625
942 _cBOOK
980 _aNB